| 000 | 00499nam a2200157Ia 4500 | ||
|---|---|---|---|
| 008 | 220216s9999 xx 000 0 und d | ||
| 100 | _aNeogi Chanchal | ||
| 245 | 0 | _aHysteresis loss of swollen rubber vulcanizates in force retraction measurement and dynamic mechanical analysis | |
| 260 |
_bJournal of Elastomers and Plastics _c1991 |
||
| 300 | _a152-163 | ||
| 650 | _aNatural rubber | ||
| 650 | _aStyrene-butadiene rubber | ||
| 700 | _aBasu Sakti P | ||
| 700 | _aBhowmick Anil K | ||
| 942 | _cJS | ||
| 999 |
_c60571 _d60571 |
||